000
00317pab a2200145 454500
008
180718b1999 xxu||||| |||| 00| 0 eng d
100
_a
Amani, K.Z.
245
_a
RSS without a BJP mask
260
_c
1999
300
_a
p.8
362
_a
8 May
650
_a
Political parties
773
_a
Pioneer
909
_a
42348
999
_c
42348
_d
42348